000 00922nam a2200217Ia 4500
001 1283
003 GE_BSU
008 181216s||||||||xx |||||||||||||| ||und||
040 _cGE_BSU
080 _a624+631.3
100 _aშაფაქიძე, ე; სარჯველაძე, ნ;
245 _aსამშენებლო მანქანები.
245 _bსალექციო კურსი, მეთოდური მითითებები პრაქტიკული სამუშაოების შესასრულებლად, საგამოცდო ტესტები.
260 _aთბილისი
260 _bსაქ-ს სახ. აგრარული უნ-ტი.
260 _c2010
300 _a227 გვ. 29 სმ.
541 _h18 ლ.
653 _aსამშენებლო მანქანები.
942 _cBK
999 _c35426
_d35426